Gay relationships /

Gardado en:
Detalles Bibliográficos
Autor Principal: De Cecco, John P. (Author)
Formato: Libro
Idioma:inglés
Publicado: New York : Harrington Park Press, c1988
Tags: Engadir etiqueta
Sen Etiquetas, Sexa o primeiro en etiquetar este rexistro!

MARC

LEADER 00000nam a22000007i 4500
001 IT\ICCU\UBO\2545292
003 ItRI
005 20260115231827.0
008 040927s1988 xxu|||||| ||||| |||||c
020 |a 0918393337 (pbk) 
040 |b ita  |c importazione bologna sebina 
041 7 |a eng  |2 ISO-639-2 
100 1 |a De Cecco, John P.  |0 IT\ICCU\IEIV\037664  |4 aut 
245 1 0 |a Gay relationships /  |c John P. De Cecco. 
260 |a New York :  |b Harrington Park Press,  |c c1988 
300 |a 290 p. ;  |c 22 cm. 
942 |2 ddc  |c BK  |n 0 
952 |0 0  |1 0  |4 0  |6 DOC_306_766000000000000_DEC  |7 0  |9 13664  |a BO  |b BO  |d 2026-01-15  |i 1938  |l 0  |o DOC 306.766 DEC  |p BO1938  |r 2026-01-15 23:18:27  |w 2026-01-15  |x [Sebina 5] [1 v.]  |y BK  |z 1 v. 
999 |c 11756  |d 11756